000 00697nam a22002057a 4500
999 _c195165
_d195165
005 20230228121240.0
010 _aB-182255
020 _a9788178241005
_c350.00
035 _aB-182255
037 _aBPPD/PUB
082 _a635
100 _aLancaster, Sydney Percy
245 _aThe Sahib's manual for the Mali :
_bEveryday gardening in India:
_cby Sydney Percy- Lancaster, edited by Laeeq futehally/
260 _aDelhi
_bPermanent Black
_c2005
270 _aD-28 Oxford Apartment , 11 I.P Extension
_bDelhi
_e110092
300 _aix, pages -227
_bill(Black and white)
_c27cm(Hb)
500 _aIncluded index
700 _a Futehally,Laeeq
942 _2ddc
_cEN
_h635
_mPER